Géographie par lettre #2 - L - Statistiques

Statistiques générales
  • Ce quiz a été pris 392 fois
  • Le résultat moyen est 12 sur 24
Statistiques - réponses
allusion réponse % Correct
Le plus grand lac suisse Léman
95%
Langue officielle de la Lettonie Letton
94%
Baïkal, Caspienne, Ontario lacs
87%
Cette ville signifie « les anges » en espagnol Los Angeles
87%
Département contenant Nantes {Loire}-Atlantique
84%
Accueil d'une course automobile de 24 heures Le Mans
76%
Ville française la plus septentrionale avec 1 million d'habitants Lille
75%
Coordonnée géographique horizontale sur une carte latitude
71%
Pays enclavé Lesotho
68%
Capitale de l'Angola Luanda
67%
Monnaie de six pays dont l'Egypte livre
60%
Première république d'Afrique, en 1847 Liberia
59%
La plus grande province d'Espagne par superficie Castille-et-{León}
47%
Capitale ouest africaine Lomé
37%
Département montagneux en Occitanie, pop 77 000 Lozère
37%
La plus grande ville de Grande Canarie Las Palmas
30%
Mer entre la Corse et le nord de l'Italie, y compris le golfe de Gênes Ligurie
30%
Compagnie nationale polonaise LOT
27%
Ville du Pakistan, pop 12 mil, près de la frontière indienne Lahore
26%
Ville et lac en Suisse italienne Lugano
22%
Ville suisse sur le Vierwaldstättersee Lucerne
21%
Comté historique de Liverpool et Manchester {Lanca}shire
15%
La maison de Mohammed Ali et du Kentucky Derby Louisville
7%
Immense continent ancien théorisé Lémurie
1%
Aucun quiz correspondant
Distribution des résultats
% des personnes avec chaque résultat
Percentile par nombre de réponses
Votre historique - résultats
Vous n’avez pas pris ce quiz